000 00802cam a2200241Ia 4500
005 20180312142014.0
008 140425s1999 ck a gr 000 j spa d
020 _a9580449112
020 _a9789580449119
040 _aCO-BoUCM
_cJose A. Gerena
_dJose A. Gerena
_bspa
041 _aspa
100 1 _aDa Coll, Ivar
_930170
245 1 0 _aBien vestidos
_cIvar Da Coll
260 _aBogotá (Colombia)
_bNorma
_c1999
300 _a[10] páginas
_bilustraciones a color
490 0 _aTorre de cartón
650 7 _aCuentos ilustrados para niños
_937305
650 7 _aLibros y lectura para niños
_918524
650 7 _aLiteratura infantil colombiana
_918681
690 _942861
_aLiteratura colombiana
942 _a18
_cLIBRO
_e1
_mD111b
_2DEWEY
_h868.44
_n0
999 _c242134
_d242134